Dinastie europee - Capetingi e Valois - Statistics

Statistiche generali
  • Questo quiz è stato fatto 49 volte
  • Il punteggio medio è 24 su 28
Statistiche sulle risposte
Titolo Anni Nome Eventuale epiteto % Corretto
1322-1328 Carlo IV Il Bello
94%
1560-1574 Carlo IX
94%
1364-1380 Carlo V Il Saggio
94%
1380-1422 Carlo VI Il Pazzo
94%
1422-1461 Carlo VII Il Vittorioso
94%
1483-1498 Carlo VIII L'Affabile
94%
1060-1108 Filippo I
91%
1180-1223 Filippo II Augusto
91%
1270-1285 Filippo III L'Ardito
91%
1285-1314 Filippo IV Il Bello
91%
1316-1322 Filippo V Il Lungo
91%
Re di Francia 1328-1350 Filippo VI Il Fortunato
91%
1226-1270 Luigi IX Il Santo
91%
1108-1137 Luigi VI Il Grosso
91%
1137-1180 Luigi VII Il Giovane
91%
1223-1226 Luigi VIII Il Leone
91%
Re di Francia e Navarra 1314-1316 Luigi X Il Testardo
91%
1461-1483 Luigi XI Il Prudente
91%
1498-1515 Luigi XII
91%
1031-1060 Enrico I
85%
1547-1559 Enrico II Il Galante
85%
1574-1589 Enrico III
85%
1515-1547 Francesco I
76%
1559-1560 Francesco II
76%
1316 Giovanni I Il Postumo
70%
1350-1364 Giovanni II Il Buono
70%
Re di Francia 987-996 Ugo Capeto
64%
996-1031 Roberto II Il Pio
45%
Nessun quiz corrispondente trovato
Distribuzione punteggi
Percentuale di utenti per punteggio
Percentile per numero di risposta
I tuoi punteggi nel tempo
Non hai fatto questo quiz